| 000 | 00000nam##2200000za#4500 |
| 001 | 9.681464 |
| 003 | CaOODSP |
| 005 | 20200330070942 |
| 007 | ta |
| 008 | 150407|2001||||xxc||||| f|0| 0 fre|d |
| 020 | |a0-662-85686-4 |
| 040 | |aCaOODSP|bfre |
| 043 | |an-cn--- |
| 086 | 1 |aE2-256/2000F |
| 110 | 1 |aCanada.|bAffaires étrangères et Commerce international. |bCentre canadien pour le développement de la politique étrangère. |
| 245 | 10|aCommerce international et diversité culturelle : |bla recherche d'un difficile équilibre / |cpar Ivan Bernier et Dave Atkinson. |
| 260 | |aOttawa - Ontario : |bAffaires étrangères et Commerce international. |c2001. |
| 300 | |a45p. : |bréférences ; |c28 cm. |
| 563 | |aCouverture souple |
| 590 | |a02-24|b2002-06-14 |
| 590 | |a02-25|b2002-06-21 |
| 691 | 07|aCommerce extérieur|2gcpds |
| 691 | 07|aDiversité culturelle|2gcpds |
| 691 | 07|aPolitique étrangère|2gcpds |
| 776 | 0#|tCommerce international et diversité culturelle : |w(CaOODSP)9.630589 |